书目信息 |
| 题名: |
桥梁工程
|
|
| 作者: | 李世华 , 罗桂连 主编 | |
| 分册: | ||
| 出版信息: | 北京 中国建筑工业出版社 2007.06 |
|
| 页数: | 14, 633页 | |
| 开本: | 19×26cm | |
| 丛书名: | 《大型土木工程设计施工图册》系列丛书 | |
| 单 册: | ||
| 中图分类: | U44 | |
| 科图分类: | ||
| 主题词: | 桥梁工程--qiao liang gong cheng | |
| 电子资源: | ||
| ISBN: | 978-7-112-09157-7 | |
| 000 | 01117nam 2200265 450 | |
| 001 | 012008329930 | |
| 005 | 20080127135951.53 | |
| 010 | @a978-7-112-09157-7@dCNY68.00 | |
| 100 | @a20080127d2007 em y0chiy0120 ea | |
| 101 | 0 | @achi |
| 102 | @aCN@b110000 | |
| 105 | @aa z 000yy | |
| 106 | @ar | |
| 200 | 1 | @a桥梁工程@Aqiao liang gong cheng@f李世华, 罗桂连主编@Fli shi hua,luo gui lian zhu bian |
| 210 | @a北京@c中国建筑工业出版社@d2007.06 | |
| 215 | @a14, 633页@c图@d19×26cm | |
| 225 | 0 | @a《大型土木工程设计施工图册》系列丛书@A《da xing tu mu gong cheng she ji shi gong tu ce》xi lie cong shu@v4 |
| 330 | @a本图册主要包括:桥梁的发展、施工准备与组织设计、钢筋混凝土预制桩、深水桩基、就地成孔灌注桩基、管柱基础、沉井基础、地下连续墙基础等。本图册以我国现行设计与施工规范、验收为主要依据,结合编审人员多年丰富实践经验,以图文形式编写。 | |
| 410 | 0 | @12001 @a大型土木工程设计施工图册系列丛书 |
| 606 | 0 | @a桥梁工程@Aqiao liang gong cheng |
| 690 | @aU44@v4 | |
| 701 | 0 | @a李世华@Ali shi hua@4主编 |
| 701 | 0 | @a罗桂连@Aluo gui lian@4主编 |
| 801 | 0 | @aCN@bQSSK@c20080127 |
| 905 | @b280936-38@dU44@eL262@f3 | |
| 桥梁工程/李世华, 罗桂连主编.-北京:中国建筑工业出版社,2007.06 |
| 14, 633页:图;19×26cm.-(《大型土木工程设计施工图册》系列丛书;4) |
| ISBN 978-7-112-09157-7:CNY68.00 |
| 本图册主要包括:桥梁的发展、施工准备与组织设计、钢筋混凝土预制桩、深水桩基、就地成孔灌注桩基、管柱基础、沉井基础、地下连续墙基础等。本图册以我国现行设计与施工规范、验收为主要依据,结合编审人员多年丰富实践经验,以图文形式编写。 |
| ● |
| 相关链接 |
|
|
|
正题名:桥梁工程
索取号:U44/L262
 
预约/预借
| 序号 | 登录号 | 条形码 | 馆藏地/架位号 | 状态 | 备注 |
| 1 | 280936 | 202809363 | 自科库501/501自科库 83排1列1层/ [索取号:U44/L262] | 在馆 | |
| 2 | 280937 | 202809372 | 自科库501/ [索取号:U44/L262] | 在馆 | |
| 3 | 280938 | 202809381 | 自科库501/501自科库 83排1列1层/ [索取号:U44/L262] | 在馆 |